000 00709nam a2200289Ia 4500
005 20260324111729.0
008 008 260324s9999 xx 000 0 eng d
020 _a9781003520634
037 _aEBOOK
040 _aCRL
040 _beng
040 _cCRL
041 _2eng
041 _aeng
084 _qCRL
100 _aMatt Bromley
_91139777
245 0 _aWhy School Doesn’t Work for Every Child
245 0 _bHow to Create a Culture of Inclusion and Belonging
260 _bTaylor and Francis
260 _c2025
365 _a
365 _b205
856 _uhttp://www.taylorfrancis.com/books/9781003520634
942 _cEBOOK
999 _c1728692
_d1728692